Minecraft Mobs: Llama - Statistics

General Stats
  • This quiz has been taken 10 times
  • The average score is 6 of 11
Answer Stats
Question Answer % Correct
What is the minimum number of health points a llama can have? 15
89%
What is the maximum number of health points a llama can have? 30
89%
What is one llama color? Brown | Cream | White | Gray
78%
What item can be equipped and unequipped in a llama's only equipment slot? Carpet
78%
What item can be used to breed llamas? Haybale
78%
What item does a llama drop on death? Leather
78%
How many strength levels can a llama have? 5
67%
What is one biome a llama can spawn in? Savanna | Savanna Plateau | Windswept Forest | Windswept Gravelly Hills | Windswept Hills | Windswept Savanna
56%
What is an adult llama's width in blocks? 0.9
22%
What is an adult llama's height in blocks? 1.87
0%
What mob are llamas hostile towards? Untamed Wolf
0%
No matching quizzes found
Score Distribution
Percent of People with Each Score
Percentile by Number Answered
Your Score History
You have not taken this quiz